MARC

LEADER 00000nam0a2200000 4500
001 145002
005 20231101221129.0
020 |a RU  |b 79-65513ж 
035 |a (RuTPU)RU\TPU\book\157157 
090 |a 145002 
100 |a 20081010c1990 km a0rusy5003 ca 
101 0 |a rus 
102 |a RU 
105 |a a z 001zy 
200 1 |a Методы дискретного анализа в решении экстремальных задач  |e сборник научных трудов  |f Академия наук СССР (АН СССР), Сибирское отделение, Институт математики 
210 |a Новосибирск  |c [Б. и.]  |d 1990 
215 |a 89 с.  |c ил. 
225 1 |a Труды института математики СО АН СССР  |v Вып. 50 
320 |a Библиография в конце статей 
606 1 |a Дискретная математика  |2 stltpush  |3 (RuTPU)RU\TPU\subj\9597  |9 36814 
610 1 |a математика 
610 1 |a дискретный анализ 
610 1 |a экстремальные задачи 
610 1 |a выпуклые многогранники 
610 1 |a гиперкубы 
610 1 |a бинарные прямоугольники 
610 1 |a алгебра логики 
610 1 |a графы 
610 1 |a научные труды 
675 |a 51-022.334  |v 3 
712 0 2 |a Академия наук СССР (АН СССР)  |b Сибирское отделение  |b Институт математики  |2 stltpush  |3 (RuTPU)RU\TPU\col\11754 
801 0 |a RU  |b RuMRKP  |c 19950704  |g psbo 
801 1 |a RU  |b 63413507  |c 20081010  |g PSBO 
801 2 |a RU  |b 63413507  |c 20200922  |g PSBO 
942 |c BK